000
00216nam a22000977a 4500
082
_a
823
_b
SMI/V
100
_a
SMITH, HELEN HENRY
245
_a
VIKINGSCHOLM - TAHO'S HIDDEN CASTLE
650
_a
ENGLISH STORY
942
_c
BK
999
_c
7669
_d
7669